[Event "Chip 2004 Open Fide"]
[Site "?"]
[Date "????.??.??"]
[Round "4"]
[White "Baklan, V."]
[Black "Sandipan, C."]
[Result "1-0"]
[WhiteElo "2595"]
[BlackElo "2555"]
[PlyCount "51"]
[SourceDate "2004.07.04"]

1. e4 e5 2. Nf3 d6 3. d4 exd4 4. Nxd4 Nf6 5. Nc3 Be7 6. Nde2 O-O 7. g3 Re8 8.
Bg2 Nbd7 9. O-O Bf8 10. Nf4 Nc5 11. Re1 Bd7 12. h3 Na4 13. Nxa4 Bxa4 14. Bd2
Bc6 15. Nd5 Bxd5 16. exd5 Rxe1+ 17. Bxe1 Nd7 18. b4 Be7 19. a4 Bf6 20. Ra3 Nb6
21. Bf1 Qe8 22. a5 Nxd5 23. Qxd5 Qxe1 24. a6 Rd8 25. axb7 h6 26. Re3 1-0

[Event "Chip 2004 Open Fide"]
[Site "?"]
[Date "????.??.??"]
[Round "4"]
[White "Ferry, R."]
[Black "Guyard, B."]
[Result "1/2-1/2"]
[WhiteElo "2185"]
[BlackElo "2232"]
[PlyCount "74"]
[SourceDate "2004.07.04"]

1. d4 Nf6 2. Nf3 g6 3. Bf4 Bg7 4. c3 d6 5. e3 O-O 6. Nbd2 b6 7. Bc4 Bb7 8. O-O
Nbd7 9. Qe2 a6 10. a4 c5 11. Rfd1 Qe8 12. h3 e5 13. dxe5 dxe5 14. Bh2 e4 15.
Ne1 Ne5 16. Bb3 Nfd7 17. Nc4 Nxc4 18. Bxc4 Ne5 19. Bxe5 Qxe5 20. Rd2 Kh8 21.
Rd7 Bc6 22. Rxf7 Rxf7 23. Bxf7 Bf8 24. Bc4 Bd6 25. g3 Rf8 26. Rd1 Bxa4 27. Rd5
Qf6 28. Bxa6 Bc6 29. Rd2 Bd7 30. Ng2 Bxh3 31. Nf4 Bf5 32. Qd1 Bb8 33. Be2 Bxf4
34. exf4 e3 35. fxe3 Qe7 36. Bf3 Qxe3+ 37. Kh2 Be4 1/2-1/2

[Event "Chip 2004 Open Fide"]
[Site "?"]
[Date "????.??.??"]
[Round "4"]
[White "Pile, R."]
[Black "Drasko, M."]
[Result "1/2-1/2"]
[WhiteElo "2268"]
[BlackElo "2464"]
[PlyCount "45"]
[SourceDate "2004.07.04"]

1. e4 e6 2. d4 d5 3. e5 c5 4. c3 Nc6 5. Nf3 Bd7 6. Be2 Nge7 7. Na3 cxd4 8. cxd4
Nf5 9. Nc2 Qa5+ 10. Bd2 Qb6 11. Bc3 a5 12. O-O Bb4 13. Qd2 O-O 14. Bd3 f6 15.
Bxf5 exf5 16. Rfe1 Be6 17. Bxb4 axb4 18. b3 f4 19. exf6 Rxf6 20. Ne5 Rb8 21.
Rad1 Bf5 22. Nd3 Bxd3 23. Qxd3 1/2-1/2

[Event "Chip 2004 Open Fide"]
[Site "?"]
[Date "????.??.??"]
[Round "4"]
[White "Kazhgaleyev, M."]
[Black "Goldsztejn, G."]
[Result "1-0"]
[WhiteElo "2598"]
[BlackElo "2303"]
[PlyCount "73"]
[SourceDate "2004.07.04"]

1. d4 Nf6 2. c4 e6 3. Nf3 c5 4. d5 exd5 5. cxd5 d6 6. Nc3 g6 7. h3 Bg7 8. e4
O-O 9. Bg5 a6 10. a4 Nbd7 11. Bd3 Qc7 12. O-O Rb8 13. Re1 Re8 14. Bf1 h6 15.
Bf4 Nh7 16. Qd2 g5 17. Bh2 Nhf8 18. e5 dxe5 19. d6 Qc6 20. b4 cxb4 21. Ne4 f5
22. Rac1 Qb6 23. Bc4+ Ne6 24. Ng3 g4 25. hxg4 fxg4 26. Nh4 Qd8 27. Ngf5 Qg5 28.
Ne7+ Kf7 29. Bxe6+ Kxe6 30. Qa2+ Kf6 31. Nd5+ Kf7 32. Nc7+ Kf8 33. Nxe8 Kxe8
34. Qe6+ Kd8 35. Nf5 Bf6 36. Bf4 Qg6 37. Nxh6 1-0

[Event "Chip 2004 Open Fide"]
[Site "?"]
[Date "????.??.??"]
[Round "4"]
[White "Bitalzadeh, A."]
[Black "Koulitchenko, A."]
[Result "1-0"]
[WhiteElo "2291"]
[BlackElo "2185"]
[PlyCount "45"]
[SourceDate "2004.07.04"]

1. e4 e5 2. Nf3 Nc6 3. Bb5 a6 4. Ba4 Nf6 5. O-O Be7 6. Re1 b5 7. Bb3 O-O 8. h3
d6 9. c3 Na5 10. Bc2 c5 11. d4 Qc7 12. Nbd2 Rb8 13. Nf1 b4 14. cxb4 cxb4 15. b3
Bb7 16. Bb2 exd4 17. Rc1 Qd8 18. Nxd4 d5 19. e5 Ne4 20. Qg4 Bc8 21. e6 Nf6 22.
Qg3 Qd6 23. Nf5 1-0

[Event "Chip 2004 Open Fide"]
[Site "?"]
[Date "????.??.??"]
[Round "4"]
[White "Verdier, P."]
[Black "Shirazi, K."]
[Result "0-1"]
[WhiteElo "2261"]
[BlackElo "2394"]
[PlyCount "60"]
[SourceDate "2004.07.04"]

1. d4 d6 2. c4 Nf6 3. Nc3 Nbd7 4. e4 e5 5. Nf3 g6 6. Be2 Bg7 7. O-O O-O 8. Bg5
h6 9. Bh4 c6 10. h3 Qb6 11. Rb1 exd4 12. Qxd4 Re8 13. Qxb6 axb6 14. Nd2 Nc5 15.
f3 Nh5 16. Rfd1 Nf4 17. Bf1 Ncd3 18. Bf2 Nxf2 19. Kxf2 Bd4+ 20. Kg3 g5 21. Kh2
h5 22. g3 Ng6 23. Ne2 Be5 24. a3 h4 25. Nb3 Be6 26. Rdc1 hxg3+ 27. Nxg3 Nf4 28.
Kg1 Kg7 29. Nf5+ Bxf5 30. exf5 Rh8 0-1

[Event "Chip 2004 Open Fide"]
[Site "?"]
[Date "????.??.??"]
[Round "4"]
[White "Kengis, E."]
[Black "Glicenstein, A."]
[Result "1-0"]
[WhiteElo "2562"]
[BlackElo "2332"]
[PlyCount "31"]
[SourceDate "2004.07.04"]

1. Nf3 c5 2. c4 g6 3. d4 Bg7 4. e4 d6 5. Nc3 Qa5 6. d5 Bxc3+ 7. bxc3 Nf6 8. Qc2
Nxe4 9. Bd3 Nf6 10. O-O Bg4 11. Nh4 O-O 12. Bh6 Re8 13. f4 Kh8 14. f5 Rg8 15.
fxg6 hxg6 16. Bxg6 1-0

[Event "Chip 2004 Open Fide"]
[Site "?"]
[Date "????.??.??"]
[Round "4"]
[White "Bardy, V."]
[Black "Hajek, J."]
[Result "0-1"]
[WhiteElo "1977"]
[BlackElo "2205"]
[PlyCount "50"]
[SourceDate "2004.07.04"]

1. e4 e6 2. d4 d5 3. Nc3 Bb4 4. e5 c5 5. a3 Bxc3+ 6. bxc3 Ne7 7. Qg4 O-O 8. Nf3
Nbc6 9. Bd3 f5 10. exf6 Rxf6 11. Bg5 Rf7 12. Qh5 g6 13. Qh4 Qa5 14. Bd2 c4 15.
Be2 Nf5 16. Qg5 Bd7 17. h4 h6 18. Qxg6+ Rg7 19. Qxg7+ Kxg7 20. g4 Nd6 21. g5 h5
22. Ne5 Nxe5 23. dxe5 Ne4 24. Bxh5 Rf8 25. f3 Ng3 0-1

[Event "Chip 2004 Open Fide"]
[Site "?"]
[Date "????.??.??"]
[Round "4"]
[White "Bergez, L."]
[Black "Landa, K."]
[Result "1/2-1/2"]
[WhiteElo "2376"]
[BlackElo "2550"]
[PlyCount "27"]
[SourceDate "2004.07.04"]

1. e4 e5 2. Nf3 Nc6 3. Nc3 Nf6 4. d4 exd4 5. Nxd4 Bb4 6. Nxc6 bxc6 7. Bd3 d5 8.
exd5 cxd5 9. O-O O-O 10. Bg5 c6 11. Na4 h6 12. Bh4 Be6 13. c3 Bd6 14. Bc2
1/2-1/2

[Event "Chip 2004 Open Fide"]
[Site "?"]
[Date "????.??.??"]
[Round "4"]
[White "Sohier, J."]
[Black "Kirszenberg, M."]
[Result "1/2-1/2"]
[WhiteElo "2176"]
[BlackElo "2222"]
[PlyCount "26"]
[SourceDate "2004.07.04"]

1. e4 c6 2. d4 d5 3. Nd2 dxe4 4. Nxe4 Nf6 5. Nxf6+ exf6 6. Bc4 Qe7+ 7. Qe2 Be6
8. Bxe6 Qxe6 9. Qxe6+ fxe6 10. Be3 Kf7 11. O-O-O Nd7 12. Nf3 Nb6 13. Rhe1 Bd6
1/2-1/2

[Event "Chip 2004 Open Fide"]
[Site "?"]
[Date "????.??.??"]
[Round "4"]
[White "Peyrat, O."]
[Black "Sanchez, J."]
[Result "1-0"]
[WhiteElo "2272"]
[BlackElo "2453"]
[PlyCount "113"]
[SourceDate "2004.07.04"]

1. c4 e5 2. g3 Nc6 3. Bg2 f5 4. Nc3 Nf6 5. a3 a5 6. e3 Bc5 7. Nge2 O-O 8. O-O
d6 9. b3 Qe8 10. Nd5 Nxd5 11. cxd5 Ne7 12. d4 Ba7 13. dxe5 dxe5 14. Bb2 Ng6 15.
Rc1 Bb6 16. Qd2 Bd7 17. Nc3 f4 18. exf4 exf4 19. Rfe1 Qf7 20. Ne4 fxg3 21. hxg3
Rad8 22. Bd4 Bxd4 23. Qxd4 Bf5 24. Ng5 Qd7 25. Qc4 Qd6 26. Ne6 Bxe6 27. dxe6
Ne7 28. Qxc7 Qxa3 29. Rcd1 Rc8 30. Qxb7 Qc5 31. Re2 Rb8 32. Qe4 Rxb3 33. Rc2
Qh5 34. Rd7 Rb1+ 35. Bf1 Qh3 36. Qg2 Rxf1+ 37. Qxf1 Qxe6 38. Qc4 Qxc4 39. Rxc4
Nf5 40. Ra4 h6 41. Rxa5 Rf6 42. Kg2 Kh7 43. Ra4 h5 44. Raa7 Rg6 45. Kh3 Nh6 46.
Ra5 Rf6 47. Kg2 Nf5 48. Rdd5 Kg6 49. Rdb5 Kg5 50. Kh3 g6 51. Ra7 Re6 52. Rf7
Kh6 53. Rd5 Nd6 54. Ra7 Ne4 55. Ra2 Nf6 56. Rb5 Ng4 57. Kg2 1-0

[Event "Chip 2004 Open Fide"]
[Site "?"]
[Date "????.??.??"]
[Round "4"]
[White "De Pierrefeu, T."]
[Black "Martsinovskaya"]
[Result "1/2-1/2"]
[WhiteElo "2198"]
[BlackElo "2235"]
[PlyCount "109"]
[SourceDate "2004.07.04"]

1. e4 e5 2. Nf3 Nc6 3. Nc3 Nf6 4. d4 exd4 5. Nd5 Nxd5 6. exd5 Bb4+ 7. Bd2 Qe7+
8. Be2 d3 9. cxd3 Bxd2+ 10. Qxd2 Nb4 11. d6 Qxd6 12. O-O O-O 13. d4 c6 14. Bc4
Nd5 15. Rfe1 Nb6 16. Bb3 Qf6 17. d5 d6 18. dxc6 bxc6 19. Rac1 Bb7 20. Rc3 c5
21. Ng5 h6 22. Nxf7 Rxf7 23. Re6 Qg5 24. f4 Qf5 25. Rxd6 c4 26. Rxc4 Nxc4 27.
Bxc4 Qc5+ 28. Qd4 Qxd4+ 29. Rxd4 Bc6 30. Rd6 Rc8 31. b4 Kf8 32. Bxf7 Kxf7 33.
a4 Ke7 34. Rg6 Kf7 35. Rd6 Bxa4 36. Ra6 Rc1+ 37. Kf2 Rc2+ 38. Ke3 Be8 39. Rxa7+
Kf8 40. g4 Rxh2 41. Ra8 Ke7 42. Rb8 Rg2 43. b5 Rxg4 44. b6 Bc6 45. Rc8 Kd6 46.
Rc7 h5 47. Rf7 Rg3+ 48. Kd4 Rb3 49. Rxg7 Rb4+ 50. Kc3 Rxf4 51. Rh7 Bf3 52. b7
Bxb7 53. Rxh5 Bd5 54. Rh8 Kc5 55. Rh3 1/2-1/2

[Event "Chip 2004 Open Fide"]
[Site "?"]
[Date "????.??.??"]
[Round "4"]
[White "Mendeiros, J."]
[Black "Chomet, P."]
[Result "1/2-1/2"]
[WhiteElo "2227"]
[BlackElo "2370"]
[PlyCount "74"]
[SourceDate "2004.07.04"]

1. e4 e5 2. Nf3 Nc6 3. Bb5 a6 4. Ba4 Nf6 5. O-O Be7 6. Re1 b5 7. Bb3 d6 8. a4
Rb8 9. axb5 axb5 10. h3 O-O 11. Nc3 Nd7 12. Nd5 Nc5 13. Ba2 Bf6 14. b4 Na4 15.
c3 Be6 16. Qc2 Nb6 17. Qd3 Bxd5 18. exd5 Nxb4 19. Qe4 Nxa2 20. Rxa2 Ra8 21. Rb2
Qd7 22. Qb1 Nxd5 23. Rxb5 Qc6 24. Rb3 Nf4 25. Qf5 Ra1 26. Kh2 Ne6 27. d3 Nc5
28. Ra3 Rxa3 29. Bxa3 Ne6 30. Bb4 Qb6 31. Nd2 c5 32. Ba3 Qc6 33. Rb1 Ra8 34.
Bc1 Be7 35. Ne4 g6 36. Qg4 h5 37. Qe2 Bf8 1/2-1/2

[Event "Chip 2004 Open Fide"]
[Site "?"]
[Date "????.??.??"]
[Round "5"]
[White "Kveinys, A."]
[Black "Baklan, V."]
[Result "1/2-1/2"]
[WhiteElo "2565"]
[BlackElo "2595"]
[PlyCount "72"]
[SourceDate "2004.07.04"]

1. e4 e6 2. d4 d5 3. Nd2 c5 4. Ngf3 Nf6 5. exd5 exd5 6. Bb5+ Bd7 7. Bxd7+ Nbxd7
8. O-O Be7 9. dxc5 Nxc5 10. Nd4 Qd7 11. N2b3 Nce4 12. f3 Nd6 13. Nc5 Qc8 14.
Nd3 O-O 15. Be3 Re8 16. Bf2 Bd8 17. Re1 Bb6 18. Rxe8+ Qxe8 19. Qd2 Qa4 20. b3
Qxd4 21. Bxd4 Bxd4+ 22. Kh1 Bxa1 23. Qe1 Bd4 24. Qb4 Bb6 25. Qxd6 Rc8 26. Qf4
h6 27. Qd2 d4 28. Ne5 Nd5 29. Nc4 Ne3 30. Qd3 Nxc4 31. bxc4 Re8 32. g3 Bc5 33.
h4 g6 34. h5 g5 35. Qf5 b6 36. Kg2 a5 1/2-1/2

[Event "Chip 2004 Open Fide"]
[Site "?"]
[Date "????.??.??"]
[Round "5"]
[White "Shirazi, K."]
[Black "Kengis, E."]
[Result "0-1"]
[WhiteElo "2394"]
[BlackElo "2562"]
[PlyCount "63"]
[SourceDate "2004.07.04"]

1. e4 c5 2. Nf3 e6 3. b3 a6 4. Bb2 d6 5. g3 Nc6 6. Bg2 Nf6 7. e5 dxe5 8. Nxe5
Nxe5 9. Bxe5 Bd6 10. Bb2 Rb8 11. Qe2 O-O 12. Nc3 b5 13. a4 Qb6 14. axb5 axb5
15. O-O Bb7 16. Bxb7 Rxb7 17. Ra2 Nd5 18. Nxd5 exd5 19. Rfa1 d4 20. Ra6 Qd8 21.
b4 Rb8 22. Qf3 Be7 23. bxc5 Bxc5 24. Rc6 Rc8 25. Raa6 Qd7 26. Rxc8 Rxc8 27. Ra8
h6 28. c3 Bf8 29. cxd4 b4 30. Rxc8 Qxc8 31. Qb3 Qf5 32. d3 0-1

[Event "Chip 2004 Open Fide"]
[Site "?"]
[Date "????.??.??"]
[Round "5"]
[White "Khairallah, F."]
[Black "Hinks-Edwards, T."]
[Result "0-1"]
[WhiteElo "2283"]
[BlackElo "2366"]
[PlyCount "118"]
[SourceDate "2004.07.04"]

1. e4 c5 2. Nf3 d6 3. c3 Nf6 4. Bd3 Bg4 5. Bc2 Nc6 6. d3 e6 7. Nbd2 Be7 8. O-O
d5 9. h3 Bh5 10. Qe2 O-O 11. Re1 Rc8 12. g4 Bg6 13. Nh4 Bd6 14. Ng2 dxe4 15.
dxe4 Nd7 16. f4 f6 17. Nf1 Nb6 18. Be3 Qe7 19. b3 Rfd8 20. Rad1 Bf7 21. h4 Qc7
22. g5 Nd4 23. cxd4 cxd4 24. Bxd4 Qxc2 25. Qxc2 Rxc2 26. gxf6 Bh5 27. Rc1 Rxc1
28. Rxc1 Ba3 29. f7+ Bxf7 30. Bxb6 axb6 31. Rc7 Bc5+ 32. Kh2 Bh5 33. a3 Bxa3
34. Rxb7 Bc5 35. b4 Bf2 36. Re7 Rd1 37. Ng3 Bg4 38. Nh1 Bg1+ 39. Kg3 Bh5 40. f5
Bd4 41. Nf2 Rf1 42. Nf4 Rxf2 43. Nxh5 exf5 44. Nf4 fxe4 45. Rxe4 Rd2 46. Ne6
Bf6 47. Ng5 Bxg5 48. hxg5 Kf7 49. Kf4 Rd5 50. Rc4 Rb5 51. Kg4 g6 52. Rc7+ Ke6
53. Rc4 Kd6 54. Rf4 Ke5 55. Rc4 Rd5 56. Rc7 Rd4+ 57. Kg3 Rxb4 58. Rf7 b5 59.
Rf3 Rc4 0-1

[Event "Chip 2004 Open Fide"]
[Site "?"]
[Date "????.??.??"]
[Round "5"]
[White "Drasko, M."]
[Black "Kazhgaleyev, M."]
[Result "1-0"]
[WhiteElo "2464"]
[BlackElo "2598"]
[PlyCount "149"]
[SourceDate "2004.07.04"]

1. d4 Nf6 2. c4 e6 3. Nc3 Bb4 4. Qc2 d5 5. cxd5 exd5 6. Bg5 c5 7. a3 Bxc3+ 8.
Qxc3 cxd4 9. Qxd4 Nc6 10. Qf4 d4 11. Bxf6 Qxf6 12. Qxf6 gxf6 13. g3 Bf5 14. Bh3
Be6 15. Bg2 O-O-O 16. Nh3 Rhe8 17. Nf4 Bc4 18. Bxc6 bxc6 19. Kd2 Kc7 20. Rhc1
Bb5 21. b4 Re5 22. a4 Ba6 23. b5 Bb7 24. bxc6 Ba6 25. Rab1 Rd6 26. Rb4 Bc8 27.
Nd3 Rh5 28. h4 Rf5 29. Rc2 Ba6 30. Nc5 Bc8 31. Nd3 Ba6 32. f3 Bc8 33. Rc5 Rxc5
34. Nxc5 f5 35. Nb3 Rg6 36. Nxd4 a6 37. Rc4 Rxg3 38. Rc5 Rg8 39. Re5 Kd6 40. f4
Rd8 41. Kc3 f6 42. Ra5 Kc7 43. Rc5 Re8 44. Kd3 Kd6 45. Rc1 Rg8 46. e3 Kc7 47.
h5 Rg2 48. a5 Rg3 49. h6 Rg6 50. Rh1 Rg2 51. Rh3 Rg1 52. Rh2 Rg8 53. Ke2 Kd6
54. Kf3 Kc7 55. Rh1 Kd6 56. Kf2 Kc7 57. Rh5 Re8 58. Kf3 Kd6 59. Ke2 Kc7 60. Kd3
Kd6 61. Nxf5+ Kxc6 62. Nd4+ Kd6 63. Rh2 Rg8 64. Rc2 Bb7 65. Rb2 Bg2 66. Rb6+
Ke7 67. Nf5+ Kf7 68. e4 Rd8+ 69. Ke3 Bh3 70. Rxa6 Kg6 71. Ne7+ Kf7 72. Ra7 Re8
73. Nd5+ Kg6 74. Rg7+ Kxh6 75. Rxh7+ 1-0

[Event "Chip 2004 Open Fide"]
[Site "?"]
[Date "????.??.??"]
[Round "5"]
[White "Fayard, A."]
[Black "Dudognon, M."]
[Result "1-0"]
[WhiteElo "2253"]
[BlackElo "2235"]
[PlyCount "91"]
[SourceDate "2004.07.04"]

1. e4 c5 2. Nf3 Nc6 3. Nc3 e6 4. d4 cxd4 5. Nxd4 Nf6 6. Be3 Bb4 7. Nxc6 bxc6 8.
e5 Nd5 9. Bd2 Nxc3 10. bxc3 Bc5 11. Qg4 g6 12. Bd3 f5 13. Qg3 Kf7 14. Rb1 h5
15. h4 Be7 16. Qf4 d5 17. exd6 Bxd6 18. Qc4 Qc7 19. O-O c5 20. Rfe1 Re8 21. Qa4
Bd7 22. Bb5 Bxb5 23. Rxb5 Rad8 24. Bg5 Rd7 25. Reb1 Qc6 26. Qc4 Qd5 27. Qxd5
exd5 28. Kf1 Rc8 29. a4 Rc6 30. a5 f4 31. Rb7 Rxb7 32. Rxb7+ Rc7 33. Rb5 Ke6
34. Ke2 Rc6 35. Kf3 Kf5 36. Rb7 Ra6 37. Rf7+ Ke6 38. Rf6+ Kd7 39. Bxf4 Rc6 40.
Rxg6 Bxf4 41. Rxc6 Kxc6 42. Kxf4 Kb5 43. g4 Kc4 44. gxh5 Kxc3 45. h6 d4 46. h7
1-0

[Event "Chip 2004 Open Fide"]
[Site "?"]
[Date "????.??.??"]
[Round "5"]
[White "Spoelman, W."]
[Black "Sohier, J."]
[Result "1/2-1/2"]
[WhiteElo "2277"]
[BlackElo "2174"]
[PlyCount "118"]
[SourceDate "2004.07.04"]

1. e4 e6 2. d4 d5 3. Nc3 Bb4 4. e5 c5 5. a3 Bxc3+ 6. bxc3 Ne7 7. Qg4 O-O 8. Bd3
Qa5 9. Bd2 Nbc6 10. Nf3 f5 11. Qh5 Bd7 12. Ng5 h6 13. Nh3 Rf7 14. Nf4 Qa4 15.
dxc5 Nxe5 16. O-O Nc4 17. Bxc4 Qxc4 18. Nd3 Nc6 19. Rab1 Be8 20. Rfe1 Re7 21.
Qf3 Bf7 22. Rb3 d4 23. Rxb7 Rxb7 24. Qxc6 Rab8 25. Ne5 Qb5 26. cxd4 Qxc6 27.
Nxc6 Rc8 28. Nb4 Rd7 29. Bc3 Kf8 30. Re5 Rb8 31. Re1 a5 32. Nc6 Ra8 33. Nxa5
Rda7 34. Nc4 e5 35. Nb6 exd4 36. Nxa8 dxc3 37. Nb6 Rxa3 38. c6 Ra7 39. h3 Be8
40. Re5 g6 41. Rc5 Rc7 42. Rxc3 Bxc6 43. Nd7+ Rxd7 44. Rxc6 Kf7 45. Kf1 Re7 46.
h4 Re4 47. g3 Kg7 48. Rc3 Kf6 49. Rf3 Rc4 50. c3 g5 51. h5 g4 52. Re3 Kg5 53.
Ke2 f4 54. gxf4+ Kxf4 55. Kd3 Rc5 56. Kd4 Rxh5 57. c4 Rh2 58. c5 Rxf2 59. Re6
Rc2 1/2-1/2

[Event "Chip 2004 Open Fide"]
[Site "?"]
[Date "????.??.??"]
[Round "5"]
[White "Martsynovskaya, M."]
[Black "Derieux, C."]
[Result "1/2-1/2"]
[WhiteElo "2235"]
[BlackElo "2186"]
[PlyCount "106"]
[SourceDate "2004.07.04"]

1. e4 c5 2. Nc3 Nc6 3. g3 g6 4. Bg2 Bg7 5. d3 Rb8 6. Be3 d6 7. Qd2 b5 8. f4 b4
9. Nd1 a5 10. f5 Ne5 11. fxg6 hxg6 12. Nf3 Bh3 13. Nxe5 Bxe5 14. c3 Bxg2 15.
Qxg2 a4 16. d4 cxd4 17. cxd4 Bg7 18. O-O Qd7 19. Rc1 Nf6 20. Nf2 Ng4 21. Nxg4
Qxg4 22. Rc7 Qe6 23. d5 Qe5 24. b3 axb3 25. axb3 O-O 26. Rc4 Qb2 27. Qxb2 Bxb2
28. Bd2 Rfc8 29. Rxc8+ Rxc8 30. Bxb4 Rb8 31. Ba5 Rxb3 32. Kg2 Bc3 33. Bxc3 Rxc3
34. h4 Kg7 35. Re1 Rd3 36. Re2 Kf6 37. Rf2+ Kg7 38. Re2 e6 39. dxe6 fxe6 40. e5
dxe5 41. Rxe5 Kf6 42. Rb5 e5 43. g4 Rd2+ 44. Kf3 Rd3+ 45. Ke2 Rh3 46. Rb6+ Kg7
47. Re6 Rxh4 48. g5 e4 49. Ke3 Rg4 50. Re7+ Kf8 51. Re5 Kf7 52. Kd4 Rg1 53. Ke3
Rg4 1/2-1/2

[Event "Chip 2004 Open Fide"]
[Site "?"]
[Date "????.??.??"]
[Round "5"]
[White "Kirszenberg, M."]
[Black "Templier, N."]
[Result "0-1"]
[WhiteElo "2222"]
[BlackElo "2274"]
[PlyCount "116"]
[SourceDate "2004.07.04"]

1. d4 Nf6 2. c4 e6 3. Nc3 Bb4 4. f3 d5 5. a3 Bxc3+ 6. bxc3 c5 7. cxd5 Nxd5 8.
Qd3 b6 9. e4 Ba6 10. Qd2 Bxf1 11. Kxf1 Ne7 12. dxc5 Nd7 13. cxb6 axb6 14. Ne2
Qc7 15. g3 Ne5 16. Kg2 O-O 17. Qc2 Rfd8 18. Rd1 Qc5 19. a4 Nc4 20. Nd4 e5 21.
Nb5 h6 22. Ra2 Rac8 23. Rxd8+ Rxd8 24. Qf2 Qc8 25. Be3 Qe6 26. Re2 Rd3 27. Bc1
Qd7 28. Be3 Qb7 29. Bc1 Nc6 30. Ba3 Qa6 31. Bb4 Nxb4 32. cxb4 Qxa4 33. Nc7 Qxb4
34. Nd5 Qc5 35. Qxc5 bxc5 36. Rc2 Rd2+ 37. Rxd2 Nxd2 38. Kf2 f6 39. Ke2 Nb3 40.
Kd3 Nd4 41. f4 Kf7 42. Kc4 Nf3 43. h3 Ke6 44. Kxc5 Nd2 45. Nc3 g6 46. Kc6 exf4
47. gxf4 g5 48. f5+ Ke5 49. Kd7 h5 50. Ke7 g4 51. hxg4 hxg4 52. Kf7 g3 53. Ne2
g2 54. Ng1 Nxe4 55. Kg6 Ng5 56. Kh5 Kxf5 57. Kh4 Kf4 58. Kh5 Ke3 0-1

[Event "Chip 2004 Open Fide"]
[Site "?"]
[Date "????.??.??"]
[Round "5"]
[White "Gollain, M."]
[Black "Abergel, T."]
[Result "0-1"]
[WhiteElo "2177"]
[BlackElo "2442"]
[PlyCount "88"]
[SourceDate "2004.07.04"]

1. e4 c5 2. Nf3 d6 3. d4 cxd4 4. Nxd4 Nf6 5. Nc3 Bd7 6. Be2 Nc6 7. Be3 e5 8.
Ndb5 Qb8 9. a4 Be7 10. g4 a6 11. Na3 Be6 12. g5 Nd7 13. Bc4 O-O 14. Bxe6 fxe6
15. Qg4 Nd8 16. O-O Qc7 17. Rfd1 Qc6 18. h4 Rc8 19. Rd2 Nb6 20. a5 Na4 21. Nxa4
Qxa4 22. c4 Qxa5 23. Nc2 Qc7 24. b3 Re8 25. h5 Bf8 26. Kh1 b5 27. cxb5 axb5 28.
Ra7 Qc3 29. b4 Rc4 30. Qf3 Rc7 31. Ra8 Qc6 32. Rb8 Rb7 33. Rxb7 Qxb7 34. Kg2
Be7 35. Kh2 Rf8 36. Qg2 g6 37. h6 Qc6 38. Ne1 Qc3 39. Nd3 Nc6 40. Qg4 Nd4 41.
Bxd4 Qxd2 42. Qxe6+ Rf7 43. Bxe5 Qxd3 44. Qc8+ Bf8 0-1

[Event "Chip 2004 Open Fide"]
[Site "?"]
[Date "????.??.??"]
[Round "5"]
[White "Vuckovic, B."]
[Black "Solozhenkin, E."]
[Result "1/2-1/2"]
[WhiteElo "2533"]
[BlackElo "2480"]
[PlyCount "100"]
[SourceDate "2004.07.04"]

1. e4 e5 2. Nf3 Nc6 3. d4 exd4 4. Nxd4 Bc5 5. Nxc6 Qf6 6. Qd2 dxc6 7. Nc3 Bd4
8. Bd3 Ne7 9. O-O Ng6 10. Ne2 Bb6 11. Nf4 Ne5 12. Be2 O-O 13. Qc3 Re8 14. Qg3
Ng6 15. Nxg6 hxg6 16. Bd3 Be6 17. e5 Qe7 18. Bd2 Qd7 19. Bc3 Bd4 20. Be4 Bxc3
21. Qxc3 Rad8 22. f4 Qd4+ 23. Qxd4 Rxd4 24. Bd3 Red8 25. Rf2 c5 26. h3 c4 27.
Be2 Rd2 28. Rc1 c3 29. bxc3 Bxa2 30. Bd3 Rxf2 31. Kxf2 Bd5 32. Ra1 a6 33. g4
Kf8 34. Ke3 Ke7 35. Bf1 Bc6 36. Be2 Rh8 37. Bf1 Bb5 38. Bg2 b6 39. Rb1 Bc4 40.
Kd4 Be6 41. c4 a5 42. c5 Rd8+ 43. Kc3 bxc5 44. Rb7 a4 45. Rxc7+ Rd7 46. Rxd7+
Bxd7 47. Kb2 f6 48. Bd5 g5 49. fxg5 fxg5 50. Ka3 Bb5 1/2-1/2

[Event "Chip 2004 Open Fide"]
[Site "?"]
[Date "????.??.??"]
[Round "5"]
[White "Hajek, J."]
[Black "Calistri, T."]
[Result "1/2-1/2"]
[WhiteElo "2205"]
[BlackElo "2332"]
[PlyCount "103"]
[SourceDate "2004.07.04"]

1. d4 Nf6 2. c4 g6 3. Nc3 Bg7 4. e4 d6 5. Be2 O-O 6. Nf3 Na6 7. O-O e5 8. d5
Nc5 9. Qc2 a5 10. Ne1 b6 11. Bg5 h6 12. Be3 Bd7 13. Rd1 h5 14. f3 Nh7 15. Nd3
h4 16. Nxc5 bxc5 17. Kh1 Bf6 18. Qd2 Bg5 19. Nb5 Bxe3 20. Qxe3 Bxb5 21. cxb5
Kg7 22. f4 exf4 23. Rxf4 Qe7 24. Qc3+ f6 25. Rxh4 Ng5 26. Bd3 Rh8 27. Rxh8 Rxh8
28. Rf1 Nf7 29. g3 Ne5 30. Be2 a4 31. b3 a3 32. Rf2 Nf7 33. Kg1 Ng5 34. Bf1
Nxe4 35. Re2 Re8 36. Qc4 Qe5 37. b4 Qd4+ 38. Qxd4 cxd4 39. Rc2 Re7 40. Rc4 Nd2
41. Rc1 f5 42. Bd3 Kf6 43. Rd1 Ne4 44. Bxe4 Rxe4 45. Rd3 Ke5 46. Rxa3 Kxd5 47.
Kf2 Kc4 48. Ra7 d3 49. Rxc7+ Kxb5 50. Rc3 Rd4 51. Ke1 Kxb4 52. Kd2 1/2-1/2

[Event "Chip 2004 Open Fide"]
[Site "?"]
[Date "????.??.??"]
[Round "5"]
[White "Pert, N."]
[Black "Peyrat, O."]
[Result "1-0"]
[WhiteElo "2493"]
[BlackElo "2272"]
[PlyCount "99"]
[SourceDate "2004.07.04"]

1. d4 d5 2. c4 dxc4 3. Nf3 Nf6 4. e3 e6 5. Bxc4 a6 6. O-O c5 7. Bb3 b6 8. Qe2
Bb7 9. Nc3 Nbd7 10. Rd1 Qc7 11. d5 Nxd5 12. Nxd5 Bxd5 13. Bxd5 exd5 14. Rxd5
Be7 15. e4 O-O 16. Bf4 Qb7 17. Rd2 Rfd8 18. Rad1 Nf8 19. Rd5 b5 20. h4 Ne6 21.
Be5 f6 22. Bg3 Qb6 23. Qe3 Qa5 24. a3 Qa4 25. R1d2 Qc4 26. Kh2 a5 27. b3 Qf1
28. Re2 Qa1 29. Qd3 Qxa3 30. Qxb5 Qb4 31. Qc6 Kf7 32. Re3 a4 33. bxa4 Qxa4 34.
Qb7 Qb4 35. Ne5+ fxe5 36. Rf3+ Nf4 37. Qxb4 cxb4 38. Rxe5 Bd6 39. Rf5+ Ke6 40.
Bxf4 Bxf4+ 41. R5xf4 Rdb8 42. Rb3 Ra3 43. Rb2 Rc3 44. e5 b3 45. Re4 h5 46. f3
Kd5 47. e6 Kd6 48. e7 Kd7 49. e8=Q+ Rxe8 50. Rd2+ 1-0

[Event "Chip 2004 Open Fide"]
[Site "?"]
[Date "????.??.??"]
[Round "5"]
[White "Lamorelle, J."]
[Black "Bardy, V."]
[Result "1-0"]
[WhiteElo "2202"]
[BlackElo "1977"]
[PlyCount "97"]
[SourceDate "2004.07.04"]

1. e4 e6 2. d4 d5 3. e5 c5 4. c3 Nc6 5. Nf3 Bd7 6. a3 c4 7. Nbd2 Na5 8. Be2 Qb6
9. O-O Ne7 10. Rb1 Nb3 11. Bxc4 Nxd2 12. Nxd2 Bb5 13. Bxb5+ Qxb5 14. b3 Rc8 15.
c4 Qd7 16. c5 Nf5 17. Nf3 b6 18. b4 h6 19. h4 Be7 20. h5 g6 21. g4 Ng7 22. hxg6
fxg6 23. Qd3 Kf7 24. Ne1 h5 25. f3 Bd8 26. Ng2 Qe7 27. Nf4 Qg5 28. Ng2 Qe7 29.
Nf4 Qg5 30. Rb2 hxg4 31. fxg4 Nf5 32. Rg2 Qh4 33. gxf5 gxf5 34. Qg3 Qh1+ 35.
Kf2 Bh4 36. Rxh1 Bxg3+ 37. Kg1 Rxh1+ 38. Kxh1 Bxf4 39. Bxf4 bxc5 40. dxc5 a5
41. Rc2 axb4 42. axb4 Ke7 43. b5 Kd7 44. Be3 Rh8+ 45. Kg2 Rh4 46. c6+ Kc8 47.
Bc5 d4 48. b6 d3 49. b7+ 1-0

[Event "Chip 2004 Open Fide"]
[Site "?"]
[Date "????.??.??"]
[Round "5"]
[White "Maisuradze, N."]
[Black "Agabebean, N."]
[Result "0-1"]
[WhiteElo "2277"]
[BlackElo "2189"]
[PlyCount "82"]
[SourceDate "2004.07.04"]

1. d4 d5 2. c4 dxc4 3. e4 Nf6 4. Nc3 e5 5. d5 Bc5 6. Qa4+ Nbd7 7. Qxc4 Ng4 8.
Nh3 Qf6 9. f3 h5 10. Nb5 O-O 11. fxg4 hxg4 12. Ng5 Bf2+ 13. Kd1 Bh4 14. Nxc7
Rb8 15. Be2 Nb6 16. Qc3 Bxg5 17. Rf1 Qe7 18. Nb5 Bxc1 19. Rxc1 Bd7 20. Qa5 Rbc8
21. Rxc8 Nxc8 22. Nxa7 Nd6 23. Qc5 Ra8 24. Bd3 Be8 25. Qb6 f5 26. exf5 e4 27.
Re1 Qe5 28. Nb5 Bxb5 29. Bxb5 Nxb5 30. Qxb5 Rxa2 31. Kc2 e3 32. Qb3 Qe4+ 33.
Kc3 Ra4 34. d6+ Kh7 35. Qb5 Qd4+ 36. Kb3 Ra6 37. Qe2 Qa4+ 38. Kc3 Rb6 39. d7
Rb3+ 40. Kc2 Ra3+ 41. b3 Qxb3+ 0-1